000
00449nam a2200157Ia 4500
008
100204s9999 xx 000 0 und d
082
_b
24950
100
_a
बॉल जॉन
245
_a
मिसींग
260
_b
"पॉप्युलर प्रकाशन , पुणे"
_c
2001
300
_a
160
630
_a
मिसींग
700
_a
भट अविनाश
730
_a
मिसींग
942
_c
BOOK
999
_c
470130
_d
470127